000 00734nam a22002657a 4500
001 7080
003 FISKH
005 20250620100938.0
008 250620b cb ||||| |||| 00| 0 eng d
020 _a9780618600588
040 _aFISKH
_beng
_cFISKH
_dFISKH
050 _aPZ7
100 _aBunner, Brett B.
245 _aElements in nature /
_cby Brette B.Bunner
260 _aBoston :
_bHoughton Mifflin Company .,
_c2006.
300 _a15 pages :
_bcolor illustrations ;
_c21 cm .
490 _aLeveled Readers
505 _aF
521 8 _a300
_bLexile estimate
521 8 _aF
_bRaz-Plus
650 _aExperiments
_vNon-fiction
650 _aChemistry
_vNon-fiction
942 _2ddc
_cBK
_n0
999 _c7080
_d7080